[Event "HUN-chT1 Charousek 2324"]
[Site "Hungary"]
[Date "2024.05.12"]
[Round "11.6"]
[White "Kolimar, Kristof Pal"]
[Black "Schroter, Tamas"]
[Result "0-1"]
[WhiteElo "2274"]
[BlackElo "2223"]
[PlyCount "106"]
[EventDate "2023.10.08"]
[EventType "team-tourn"]
[EventRounds "11"]
[EventCountry "HUN"]
[SourceTitle "EXT 2025"]
[Source "ChessBase"]
[SourceDate "2024.10.14"]
[SourceVersion "1"]
[SourceVersionDate "2024.10.14"]
[SourceQuality "1"]
[WhiteTeam "Ajka Sentimento"]
[BlackTeam "Csuti Hydro"]
[WhiteTeamCountry "HUN"]
[BlackTeamCountry "HUN"]

1. d4 Nf6 2. c4 c5 3. d5 e6 4. Nc3 exd5 5. cxd5 d6 6. Nf3 g6 7. g3 Bg7 8. Bg2 0-0 9. 0-0 Na6 10. Bf4 Nc7 11. e4 Bg4 12. h3 Bxf3 13. Bxf3 Rb8 14. e5 dxe5 15. Bxe5 Re8 16. Re1 Qd7 17. Kg2 b5 18. a4 b4 19. Nb5 Rxe5 20. Rxe5 Nfe8 21. Re2 Nxb5 22. axb5 Nd6 23. Qa4 Nxb5 24. Rae1 Bf6 25. Qa6 Rb6 26. Re8+ Kg7 27. Qc8 Qxc8 28. Rxc8 Bxb2 29. Rxc5 Bc3 30. Rd1 Be5 31. d6 Bxd6 32. Rxb5 Rxb5 33. Rxd6 b3 34. Be4 Rb4 35. Kf3 a5 36. Bb1 a4 37. Ke2 Rc4 38. Kd2 a3 39. Ra6 a2 40. Rxa2 bxa2 41. Bxa2 Ra4 42. Bb3 Ra3 43. Bd5 Kf6 44. h4 Ra5 45. Bc4 Re5 46. Be2 Kf5 47. Bc4 Kg4 48. Bxf7 Kf3 49. Bg8 Re7 50. Kd3 Kxf2 51. g4 Kf3 52. h5 Kxg4 53. hxg6 hxg6 0-1

[Event "HUN-chT1 Charousek 2324"]
[Site "Hungary"]
[Date "2023.10.08"]
[Round "1.7"]
[White "Krstic, Uros"]
[Black "Schroter, Tamas"]
[Result "1-0"]
[WhiteElo "2327"]
[BlackElo "2223"]
[PlyCount "55"]
[EventDate "2023.10.08"]
[EventType "team-tourn"]
[EventRounds "11"]
[EventCountry "HUN"]
[SourceTitle "EXT 2025"]
[Source "ChessBase"]
[SourceDate "2024.10.14"]
[SourceVersion "1"]
[SourceVersionDate "2024.10.14"]
[SourceQuality "1"]
[WhiteTeam "Haladas Szombathely II"]
[BlackTeam "Csuti Hydro"]
[WhiteTeamCountry "HUN"]
[BlackTeamCountry "HUN"]

1. e4 c5 2. Nc3 Nc6 3. Bb5 Nd4 4. Nf3 Nxb5 5. Nxb5 a6 6. Nc3 d6 7. d4 Bg4 8. dxc5 dxc5 9. Qxd8+ Rxd8 10. Ne5 Nf6 11. Be3 e6 12. f3 Bh5 13. Na4 Rc8 14. Nb6 Rc7 15. g4 Bg6 16. Bf4 Bxe4 17. fxe4 Nxe4 18. Nec4 Rc6 19. 0-0 g5 20. Be5 Rg8 21. Rae1 Nd6 22. Nxd6+ Bxd6 23. Nc4 Be7 24. Rd1 Rg6 25. Nd6+ Bxd6 26. Rxd6 Rc8 27. Rb6 f5 28. Rxb7 1-0

[Event "HUN-chT1 Charousek 2223"]
[Site "Hungary"]
[Date "2023.04.23"]
[Round "9.6"]
[White "Schroter, Tamas"]
[Black "Amrein, Roland"]
[Result "1/2-1/2"]
[WhiteElo "2233"]
[BlackElo "2193"]
[PlyCount "102"]
[EventDate "2022.11.20"]
[EventType "team-tourn"]
[EventRounds "9"]
[EventCountry "HUN"]
[SourceTitle "EXT 2025"]
[Source "ChessBase"]
[SourceDate "2024.10.14"]
[SourceVersion "1"]
[SourceVersionDate "2024.10.14"]
[SourceQuality "1"]
[WhiteTeam "Csuti Hydro"]
[BlackTeam "Komlo Banyasz"]
[WhiteTeamCountry "HUN"]
[BlackTeamCountry "HUN"]

1. d4 g6 2. c4 Bg7 3. Nc3 d6 4. e4 Nd7 5. Be3 c5 6. d5 a6 7. Bd3 Qa5 8. Nge2 Nh6 9. h3 Ne5 10. 0-0 0-0 11. Qd2 Nxd3 12. Bxh6 Bxh6 13. Qxh6 Nxb2 14. e5 dxe5 15. Ne4 f6 16. f4 Bf5 17. N2g3 Qc7 18. Rf3 Bxe4 19. Nxe4 exf4 20. Rxf4 Qe5 21. Rh4 Rf7 22. Rc1 Rg7 23. Nxc5 g5 24. Re4 Qd6 25. Ne6 Rg6 26. Qh5 b5 27. cxb5 Qxd5 28. Qf3 f5 29. Re2 Qxf3 30. gxf3 axb5 31. Nc7 Nd3 32. Rd1 Rd8 33. Rxe7 b4 34. Re3 Rgd6 35. Ne6 Re8 36. Rdxd3 Rdxe6 37. Rxe6 Rxe6 38. Rd4 Re1+ 39. Kf2 Ra1 40. Rd2 Rb1 41. Ke3 b3 42. Kd4 bxa2 43. Rxa2 Re1 44. Rg2 h6 45. h4 g4 46. Kd5 h5 47. fxg4 fxg4 48. Rf2 Re7 49. Rf5 g3 50. Rf1 Rg7 51. Ke4 Kh7 1/2-1/2

[Event "HUN-chT2 9900"]
[Site "Hungary"]
[Date "2000.03.05"]
[Round "9"]
[White "Bognar, Csaba"]
[Black "Schroter, Tamas"]
[Result "1/2-1/2"]
[WhiteElo "2237"]
[BlackElo "2258"]
[PlyCount "42"]
[EventDate "1999.09.26"]
[EventType "team-tourn"]
[EventRounds "11"]
[EventCountry "HUN"]
[SourceTitle "EXT 2002"]
[Source "ChessBase"]
[SourceDate "2001.11.25"]
[SourceVersion "1"]
[SourceVersionDate "2001.11.25"]
[SourceQuality "1"]

1. d4 d5 2. c4 e6 3. Nf3 c5 4. cxd5 exd5 5. e3 Nf6 6. Bb5+ Bd7 7. Bxd7+ Nbxd7 8. dxc5 Nxc5 9. 0-0 Bd6 10. Nc3 0-0 11. b3 Nce4 12. Nb5 Bb4 13. Bb2 Qa5 14. Qd3 a6 15. Nbd4 Rac8 16. Ne2 Ba3 17. Bxa3 Qxa3 18. Nfd4 Rc7 19. f3 Nd6 20. Qd2 Re8 21. Nf4 Rec8 1/2-1/2

[Event "HUN-chT2 9900"]
[Site "Hungary"]
[Date "1999.09.26"]
[Round "1"]
[White "Balazs, Imre"]
[Black "Schroter, Tamas"]
[Result "1/2-1/2"]
[WhiteElo "2165"]
[BlackElo "2258"]
[PlyCount "64"]
[EventDate "1999.09.26"]
[EventType "team-tourn"]
[EventRounds "11"]
[EventCountry "HUN"]
[SourceTitle "EXT 2002"]
[Source "ChessBase"]
[SourceDate "2001.11.25"]
[SourceVersion "1"]
[SourceVersionDate "2001.11.25"]
[SourceQuality "1"]

1. d4 d5 2. c4 e6 3. Nc3 c6 4. Nf3 dxc4 5. a4 Bb4 6. e3 b5 7. Ne5 Bb7 8. Qf3 Qe7 9. Be2 Nf6 10. 0-0 0-0 11. Qh3 a6 12. Bf3 Nd5 13. Bd2 Bd6 14. Bxd5 exd5 15. f4 f5 16. axb5 cxb5 17. Qf3 Qe6 18. Ne2 Nd7 19. Nxd7 Qxd7 20. Nc3 Qe6 21. h3 b4 22. Na4 Qe4 23. Qxe4 fxe4 24. Nb6 Rad8 25. Ra4 Rf6 26. Bxb4 Bc6 27. Bxd6 Bxa4 28. Bc7 Rxb6 29. Bxb6 Rb8 30. Ra1 Bc6 31. Rxa6 Bb5 32. Ba7 Bxa6 1/2-1/2

[Event "HUN-chT2 9899"]
[Site "Hungary"]
[Date "1999.??.??"]
[Round "?"]
[White "Mokcsay, Robert"]
[Black "Schroter, Tamas"]
[Result "1-0"]
[WhiteElo "2270"]
[BlackElo "2280"]
[PlyCount "123"]
[EventDate "1998.??.??"]
[EventType "team-tourn"]
[EventRounds "12"]
[EventCountry "HUN"]
[SourceTitle "EXT 2000"]
[Source "ChessBase"]
[SourceDate "1999.11.16"]
[SourceVersion "1"]
[SourceVersionDate "1999.11.16"]
[SourceQuality "1"]

1. c4 c5 2. Nc3 Nc6 3. g3 g6 4. Bg2 Bg7 5. e3 e5 6. Nge2 h5 7. Nd5 Nge7 8. Nec3 h4 9. Ne4 d6 10. Nef6+ Kf8 11. Nxe7 Nxe7 12. Nd5 Be6 13. d3 Qd7 14. Nxe7 Kxe7 15. Bd2 Rab8 16. Bc3 b5 17. b3 Bg4 18. Qd2 hxg3 19. fxg3 Kf8 20. 0-0 Bh3 21. Bxh3 Qxh3 22. Qf2 Qe6 23. Qg2 bxc4 24. dxc4 Bh6 25. Qf3 Bg5 26. Rad1 Kg7 27. Ba5 Rbc8 28. e4 Be7 29. Rf2 Rh5 30. Qd3 Rc6 31. Rdf1 f6 32. Qf3 Rh3 33. Bd2 Rc8 34. Bg5 Rf8 35. Bh4 g5 36. Qf5 Qxf5 37. Rxf5 g4 38. R1f2 Kg6 39. Kf1 Bd8 40. Ke1 Kg7 41. Kd1 Be7 42. Kc1 Rf7 43. Kb2 Rf8 44. Ka3 Bd8 45. Ka4 a6 46. a3 Rf7 47. b4 cxb4 48. axb4 Rc7 49. Kb3 Rb7 50. Kc3 Rf7 51. c5 dxc5 52. bxc5 a5 53. Rd2 Be7 54. Kc4 Bf8 55. c6 a4 56. Kb5 a3 57. Rxf6 Ra7 58. Rff2 Be7 59. Bxe7 Rxe7 60. Rd7 Rxd7 61. cxd7 Rh8 62. Kc6 1-0

[Event "HUN-chT2 9899"]
[Site "Hungary"]
[Date "1999.??.??"]
[Round "?"]
[White "Schroter, Tamas"]
[Black "Sandor, Jozsef"]
[Result "0-1"]
[WhiteElo "2280"]
[BlackElo "2195"]
[PlyCount "82"]
[EventDate "1998.??.??"]
[EventType "team-tourn"]
[EventRounds "12"]
[EventCountry "HUN"]
[SourceTitle "EXT 2000"]
[Source "ChessBase"]
[SourceDate "1999.11.16"]
[SourceVersion "1"]
[SourceVersionDate "1999.11.16"]
[SourceQuality "1"]

1. d4 d6 2. c4 e5 3. dxe5 dxe5 4. Qxd8+ Kxd8 5. Nc3 Be6 6. b3 Nd7 7. Bb2 Ne7 8. g3 h5 9. 0-0-0 Nc6 10. Bh3 Bxh3 11. Nxh3 f6 12. Rd3 Kc8 13. Rhd1 Nc5 14. R3d2 Bd6 15. f3 a5 16. Nd5 Nb4 17. Bc3 Nxd5 18. Rxd5 b6 19. Nf2 h4 20. g4 e4 21. h3 Re8 22. Bd4 exf3 23. exf3 Re2 24. Kb1 Kb7 25. g5 fxg5 26. Rxg5 Rf8 27. Nd3 Ne6 28. Rg4 Nxd4 29. Rxd4 Rxf3 30. Rxh4 Ba3 31. Rg4 Rxh3 32. Rxg7 Rhh2 33. Rg3 Rxa2 34. Rh3 Rad2 35. Rxd2 Rxd2 36. Nf4 Rf2 37. Nd5 Bd6 38. Rc3 Rf1+ 39. Rc1 Rf2 40. Rc2 Rf1+ 41. Kb2 Be5+ 0-1

[Event "Zalakaros op 16th"]
[Site "Zalakaros"]
[Date "1997.??.??"]
[Round "4"]
[White "Schroter, Tamas"]
[Black "Domotor, Jozsef"]
[Result "1-0"]
[WhiteElo "2280"]
[BlackElo "2085"]
[PlyCount "53"]
[EventDate "1997.??.??"]
[EventType "swiss"]
[EventRounds "9"]
[EventCountry "HUN"]
[SourceTitle "EXT 2001"]
[Source "ChessBase"]
[SourceDate "2000.11.22"]
[SourceVersion "1"]
[SourceVersionDate "2000.11.22"]
[SourceQuality "1"]

1. d4 d5 2. c4 c6 3. Nf3 e6 4. Nc3 Nf6 5. Bg5 h6 6. Bxf6 Qxf6 7. e3 Nd7 8. Qc2 Bd6 9. Rd1 0-0 10. Be2 dxc4 11. Bxc4 Qe7 12. 0-0 e5 13. Ne4 Bc7 14. Ng3 Nb6 15. Bb3 Bg4 16. Qe4 Bxf3 17. gxf3 Rae8 18. Kh1 exd4 19. Qxe7 Rxe7 20. Nf5 Re5 21. Nxd4 Rd8 22. f4 Rc5 23. Kg1 Rh5 24. Bc2 Kf8 25. Be4 Nd5 26. Bf3 Rh4 27. Nf5 1-0

[Event "HUN-chT 9697"]
[Site "Hungary"]
[Date "1996.??.??"]
[Round "4"]
[White "Schroter, Tamas"]
[Black "Berta, Krisztian"]
[Result "1-0"]
[WhiteElo "2290"]
[BlackElo "2185"]
[PlyCount "81"]
[EventDate "1996.??.??"]
[EventType "team-tourn"]
[EventRounds "12"]
[EventCountry "HUN"]
[SourceTitle "EXT 2006"]
[Source "ChessBase"]
[SourceDate "2005.11.24"]
[SourceVersion "1"]
[SourceVersionDate "2005.11.24"]
[SourceQuality "1"]
[WhiteTeam "Csuti"]
[BlackTeam "Matador"]
[WhiteTeamCountry "HUN"]
[BlackTeamCountry "HUN"]

1. d4 Nf6 2. c4 g6 3. Nc3 Bg7 4. e4 d6 5. f3 0-0 6. Be3 Nc6 7. Nge2 Rb8 8. Qd2 a6 9. h4 h5 10. 0-0-0 b5 11. Nd5 Nh7 12. Bh6 bxc4 13. Bxg7 Kxg7 14. Ne3 Nf6 15. Nxc4 d5 16. Ne5 Qd6 17. Nc3 Nxe5 18. dxe5 Qxe5 19. Qg5 Qxg5+ 20. hxg5 Nh7 21. Rxd5 Rb6 22. Be2 Rc6 23. Rhd1 Re8 24. Re5 Be6 25. Ra5 Rb8 26. Rd4 Rbb6 27. Rda4 Bc8 28. Rc4 Rxc4 29. Bxc4 Rc6 30. Bd5 Rb6 31. Rc5 Nxg5 32. Rxc7 Be6 33. f4 Bxd5 34. exd5 Nh7 35. Rxe7 Rd6 36. Rc7 Nf6 37. Rc6 Ne8 38. Kd2 Rxc6 39. dxc6 Nc7 40. Kd3 Kf6 41. Kd4 1-0

[Event "HUN-chT 9697"]
[Site "Hungary"]
[Date "1996.??.??"]
[Round "5"]
[White "Schroter, Tamas"]
[Black "Toth, Gabor"]
[Result "1-0"]
[WhiteElo "2290"]
[BlackElo "2205"]
[PlyCount "71"]
[EventDate "1996.??.??"]
[EventType "team-tourn"]
[EventRounds "12"]
[EventCountry "HUN"]
[SourceTitle "EXT 2006"]
[Source "ChessBase"]
[SourceDate "2005.11.24"]
[SourceVersion "1"]
[SourceVersionDate "2005.11.24"]
[SourceQuality "1"]
[WhiteTeam "Csuti"]
[BlackTeam "Hajduszoboszlo"]
[WhiteTeamCountry "HUN"]
[BlackTeamCountry "HUN"]

1. d4 Nf6 2. c4 g6 3. Nc3 Bg7 4. e4 d6 5. f3 0-0 6. Be3 c6 7. Bd3 a6 8. a4 a5 9. Qd2 Na6 10. Nge2 Nb4 11. Bb1 e5 12. 0-0 Qe7 13. Re1 Nd7 14. Na2 Nxa2 15. Bxa2 Re8 16. Rad1 Nb8 17. Nc1 Qc7 18. Nb3 Bf8 19. Qf2 Nd7 20. dxe5 dxe5 21. c5 Nb8 22. f4 Na6 23. f5 Nb4 24. Bb1 gxf5 25. exf5 f6 26. Nd2 Rd8 27. Ne4 Qe7 28. Qh4 Bg7 29. Nd6 Nd5 30. Ba2 Rxd6 31. cxd6 Qxd6 32. Qe4 Bd7 33. Bf2 Be8 34. Bxd5+ cxd5 35. Rxd5 Qc6 36. Qd3 1-0

[Event "HUN-chT"]
[Site "Hungary"]
[Date "1993.??.??"]
[Round "?"]
[White "Csoke, Adrienn"]
[Black "Schroter, Tamas"]
[Result "1/2-1/2"]
[WhiteElo "2210"]
[BlackElo "2345"]
[PlyCount "23"]
[EventDate "1993.??.??"]
[EventType "team-tourn"]
[EventRounds "13"]
[EventCountry "HUN"]
[SourceTitle "TD"]
[Source "ChessBase"]
[SourceDate "1994.03.01"]
[SourceVersion "1"]
[SourceVersionDate "1994.03.01"]
[SourceQuality "1"]

1. e4 c5 2. Nf3 Nc6 3. d4 cxd4 4. Nxd4 e5 5. Nb5 d6 6. c4 Be7 7. N1c3 a6 8. Na3 Be6 9. Nc2 Rc8 10. b3 Nf6 11. Be2 0-0 12. 0-0 1/2-1/2

[Event "Eger Agria op"]
[Site "Eger"]
[Date "1993.??.??"]
[Round "9"]
[White "Kovac, Boris"]
[Black "Schroter, Tamas"]
[Result "0-1"]
[WhiteElo "2355"]
[BlackElo "2335"]
[PlyCount "56"]
[EventDate "1993.07.??"]
[EventType "swiss"]
[EventRounds "9"]
[EventCountry "HUN"]
[SourceTitle "EXT 1997"]
[Source "ChessBase"]
[SourceDate "1996.11.15"]
[SourceVersion "1"]
[SourceVersionDate "1996.11.15"]
[SourceQuality "1"]

1. e4 c5 2. Nf3 Nc6 3. d4 cxd4 4. Nxd4 e5 5. Nb5 Nf6 6. Bg5 d6 7. c4 a6 8. N5c3 Be7 9. Na3 0-0 10. Bd2 Be6 11. Nc2 Rc8 12. Ne3 Nd4 13. Bd3 Nd7 14. Rc1 Bg5 15. b3 Nc5 16. Bb1 b5 17. 0-0 bxc4 18. Nxc4 f5 19. Bxg5 Qxg5 20. f4 Qh6 21. Nxd6 Bxb3 22. Nxf5 Nxf5 23. axb3 Ne3 24. Qe2 Nxf1 25. Rxf1 exf4 26. b4 Nd7 27. Nd5 Rce8 28. Nc7 Qb6+ 0-1

[Event "HUN-chT"]
[Site "Hungary"]
[Date "1993.??.??"]
[Round "?"]
[White "Mullner, Imre"]
[Black "Schroter, Tamas"]
[Result "0-1"]
[WhiteElo "2225"]
[BlackElo "2345"]
[PlyCount "78"]
[EventDate "1993.??.??"]
[EventType "team-tourn"]
[EventRounds "13"]
[EventCountry "HUN"]
[SourceTitle "TD"]
[Source "ChessBase"]
[SourceDate "1994.03.01"]
[SourceVersion "1"]
[SourceVersionDate "1994.03.01"]
[SourceQuality "1"]

1. e4 d5 2. exd5 Nf6 3. d4 Nxd5 4. Nf3 g6 5. Be2 Bg7 6. 0-0 0-0 7. h3 Nc6 8. c4 Nb6 9. Be3 e5 10. d5 Ne7 11. Nc3 Nf5 12. Bc5 Re8 13. Qc2 Nd6 14. Qb3 e4 15. Nd2 Qh4 16. Be3 Nf5 17. c5 Nxe3 18. fxe3 Bh6 19. Ncxe4 Bf5 20. cxb6 Bxe4 21. bxc7 Bxg2 22. Kxg2 Rxe3 23. Qxe3 Bxe3 24. Nf3 Qf4 25. Rad1 Qxc7 26. Bd3 Rd8 27. Bb1 Qc5 28. Rfe1 Bf4 29. Rd4 g5 30. Red1 Qb5 31. Ng1 Qxb2+ 32. Kf3 Qh2 33. Re4 f5 34. Re7 Qg3+ 35. Ke2 Qg2+ 36. Kd3 Rxd5+ 37. Kc4 b5+ 38. Kb4 Qb2+ 39. Ka5 Qa3# 0-1

[Event "Eger Agria op"]
[Site "Eger"]
[Date "1993.??.??"]
[Round "4"]
[White "Paal, Attila"]
[Black "Schroter, Tamas"]
[Result "0-1"]
[WhiteElo "2205"]
[BlackElo "2335"]
[PlyCount "35"]
[EventDate "1993.07.??"]
[EventType "swiss"]
[EventRounds "9"]
[EventCountry "HUN"]
[SourceTitle "EXT 1997"]
[Source "ChessBase"]
[SourceDate "1996.11.15"]
[SourceVersion "1"]
[SourceVersionDate "1996.11.15"]
[SourceQuality "1"]

1. e4 c5 2. Nf3 Nc6 3. d4 cxd4 4. Nxd4 e5 5. Nb5 d6 6. N1c3 a6 7. Na3 b5 8. Nd5 Nge7 9. c4 Nd4 10. Nxe7 Bxe7 11. cxb5 0-0 12. bxa6 d5 13. Bd3 dxe4 14. Bxe4 Rxa6 15. 0-0 f5 16. Bd3 Rg6 17. Nb5 Qd5 18. Nxd4 0-1

[Event "HUN-chT"]
[Site "Hungary"]
[Date "1993.??.??"]
[Round "?"]
[White "Schroter, Tamas"]
[Black "Czebe, Attila"]
[Result "1-0"]
[WhiteElo "2345"]
[BlackElo "2270"]
[PlyCount "99"]
[EventDate "1993.??.??"]
[EventType "team-tourn"]
[EventRounds "13"]
[EventCountry "HUN"]
[SourceTitle "TD"]
[Source "ChessBase"]
[SourceDate "1994.03.01"]
[SourceVersion "1"]
[SourceVersionDate "1994.03.01"]
[SourceQuality "1"]

1. d4 Nf6 2. c4 g6 3. Nc3 Bg7 4. e4 d6 5. Nf3 0-0 6. Be2 Nbd7 7. 0-0 e5 8. d5 Nc5 9. Qc2 a5 10. Nd2 c6 11. Rb1 Ne8 12. b3 f5 13. f3 Bh6 14. a3 Be3+ 15. Kh1 Qh4 16. g3 Qh3 17. Nd1 f4 18. g4 g5 19. b4 Rf6 20. Re1 Rh6 21. Nf1 axb4 22. Ndxe3 b3 23. Qb2 fxe3 24. Bxe3 Bxg4 25. fxg4 Nxe4 26. Bd3 Rxa3 27. Qg2 Qxg2+ 28. Kxg2 Nc3 29. Ra1 Rxa1 30. Rxa1 b2 31. Ra8 Kf7 32. Bxg5 Rg6 33. Bxg6+ Kxg6 34. Nd2 cxd5 35. Rxe8 Kxg5 36. cxd5 Kf4 37. Rf8+ Kxg4 38. h3+ Kg5 39. Rf1 e4 40. Re1 Kf4 41. Rf1+ Kg5 42. Kg3 e3 43. Nb1 Nxd5 44. Rd1 Ne7 45. Kf3 Nf5 46. Nc3 b5 47. Rb1 b4 48. Nd5 Nd4+ 49. Kxe3 Nc2+ 50. Ke4 1-0

[Event "Zalaegerszeg"]
[Site "Zalaegerszeg"]
[Date "1993.??.??"]
[Round "3"]
[White "Schroter, Tamas"]
[Black "Deutsch, Ludwig"]
[Result "1-0"]
[WhiteElo "2335"]
[BlackElo "2220"]
[PlyCount "99"]
[EventDate "1993.??.??"]
[EventType "tourn"]
[EventRounds "13"]
[EventCountry "HUN"]
[EventCategory "3"]
[SourceTitle "EXT 1997"]
[Source "ChessBase"]
[SourceDate "1996.11.15"]
[SourceVersion "1"]
[SourceVersionDate "1996.11.15"]
[SourceQuality "1"]

1. d4 Nf6 2. c4 g6 3. Nc3 Bg7 4. e4 d6 5. Nf3 0-0 6. Be2 Nc6 7. d5 Nb8 8. 0-0 c5 9. Bg5 Nbd7 10. Nd2 h6 11. Be3 Ne5 12. Kh1 Neg4 13. Bf4 Ne5 14. h3 g5 15. Bh2 Ng6 16. Bd3 g4 17. hxg4 Nxg4 18. Bg3 N6e5 19. Bc2 f5 20. exf5 Qe8 21. Ne2 Bxf5 22. Nf4 Rf6 23. Ne4 Bxe4 24. Bxe4 h5 25. Ne6 Rxe6 26. dxe6 Nxc4 27. Qc2 Nce5 28. Rae1 Qb5 29. Bh7+ Kh8 30. a4 Qc4 31. Qb1 h4 32. Bxe5 dxe5 33. Bf5 Nf6 34. Rxe5 b6 35. b3 Qf4 36. Re3 Rd8 37. Rf3 Qg5 38. Rh3 Rd4 39. Rf3 Nd5 40. Bh3 Bf6 41. Rf5 Qh6 42. Qe1 Qd2 43. Qxd2 Rxd2 44. Bg4 Rd4 45. Bf3 Nc7 46. Rxf6 exf6 47. e7 c4 48. bxc4 Rxc4 49. Rd1 Kg8 50. Bd5+ 1-0

[Event "Eger Agria op"]
[Site "Eger"]
[Date "1993.??.??"]
[Round "8"]
[White "Schroter, Tamas"]
[Black "Gacso, Tibor"]
[Result "1-0"]
[WhiteElo "2335"]
[BlackElo "2255"]
[PlyCount "53"]
[EventDate "1993.07.??"]
[EventType "swiss"]
[EventRounds "9"]
[EventCountry "HUN"]
[SourceTitle "EXT 1997"]
[Source "ChessBase"]
[SourceDate "1996.11.15"]
[SourceVersion "1"]
[SourceVersionDate "1996.11.15"]
[SourceQuality "1"]

1. d4 Nf6 2. c4 e6 3. Nc3 Bb4 4. Qc2 Nc6 5. Nf3 d6 6. e3 0-0 7. Be2 Qe7 8. Bd2 a5 9. 0-0 e5 10. Nd5 Nxd5 11. cxd5 Nb8 12. Bxb4 axb4 13. Rfc1 Bg4 14. dxe5 dxe5 15. Qxc7 Qxc7 16. Rxc7 e4 17. Nd4 Bxe2 18. Nxe2 b6 19. Re7 b3 20. a3 Ra5 21. Rd1 f5 22. g4 fxg4 23. Rxe4 Rc5 24. Nc3 Nd7 25. Rxg4 Ne5 26. Rb4 Nc4 27. Na4 1-0

[Event "HUN-chT"]
[Site "Hungary"]
[Date "1993.??.??"]
[Round "?"]
[White "Schroter, Tamas"]
[Black "Kadar, Gabor"]
[Result "1-0"]
[WhiteElo "2345"]
[BlackElo "2330"]
[PlyCount "151"]
[EventDate "1993.??.??"]
[EventType "team-tourn"]
[EventRounds "13"]
[EventCountry "HUN"]
[SourceTitle "TD"]
[Source "ChessBase"]
[SourceDate "1994.03.01"]
[SourceVersion "1"]
[SourceVersionDate "1994.03.01"]
[SourceQuality "1"]

1. d4 Nf6 2. c4 g6 3. Nc3 Bg7 4. e4 d6 5. f3 0-0 6. Be3 e5 7. d5 a5 8. Qd2 Nbd7 9. 0-0-0 Ne8 10. Kb1 f5 11. Nge2 f4 12. Bf2 Ndf6 13. Nc1 Bd7 14. Bd3 Qe7 15. Bc2 Kh8 16. Nd3 c6 17. Rhe1 c5 18. Ba4 Bc8 19. g4 Nd7 20. Rc1 Nb6 21. Bb5 a4 22. Qc2 Bd7 23. b3 Bxb5 24. Nxb5 Rf7 25. b4 Rc8 26. Ka1 Bf8 27. Qb2 Nd7 28. bxc5 dxc5 29. Rc3 Qd8 30. Rb1 Ra8 31. Ra3 Ra6 32. Be1 Bg7 33. Qc2 Qa8 34. Bf2 b6 35. Nb2 Nb8 36. Nxa4 Nd7 37. Rb2 Kg8 38. Qb3 Bf8 39. Nac3 h5 40. h3 hxg4 41. hxg4 Rh7 42. Rxa6 Qxa6 43. Qd1 Rh3 44. Bg1 Qb7 45. Qf1 Rh7 46. Rh2 Ndf6 47. Qg2 Rxh2 48. Qxh2 Nh7 49. Bf2 Ng5 50. Qg2 Nf7 51. Be1 Nfd6 52. Nxd6 Nxd6 53. Qe2 Qa6 54. Nb5 Nxb5 55. cxb5 Qa3 56. Kb1 Qa4 57. Bc3 Bd6 58. Qf1 c4 59. Qe2 Ba3 60. Bxe5 Qxb5+ 61. Ka1 Qc5 62. Qh2 c3 63. Qh8+ Kf7 64. Qg7+ Ke8 65. Qxg6+ Kd8 66. Qf6+ Kc8 67. Qe6+ Kd8 68. Bf6+ Kc7 69. Qf7+ Kb8 70. Qe8+ Ka7 71. Qa4+ Kb8 72. Be5+ Kc8 73. Qa8+ Kd7 74. Qc6+ Qxc6 75. dxc6+ Kxc6 76. Bxc3 1-0

[Event "Eger Agria op"]
[Site "Eger"]
[Date "1993.??.??"]
[Round "2"]
[White "Schroter, Tamas"]
[Black "Tengely, Szabolcs"]
[Result "1-0"]
[WhiteElo "2335"]
[BlackElo "2210"]
[PlyCount "43"]
[EventDate "1993.07.??"]
[EventType "swiss"]
[EventRounds "9"]
[EventCountry "HUN"]
[SourceTitle "EXT 1997"]
[Source "ChessBase"]
[SourceDate "1996.11.15"]
[SourceVersion "1"]
[SourceVersionDate "1996.11.15"]
[SourceQuality "1"]

1. d4 Nf6 2. c4 e6 3. Nc3 Bb4 4. Qc2 0-0 5. a3 Bxc3+ 6. Qxc3 b5 7. cxb5 c6 8. e3 cxb5 9. Bxb5 Bb7 10. f3 Nh5 11. Nh3 Qh4+ 12. Nf2 Rc8 13. Qb3 Qg5 14. Bf1 Rc7 15. Bd2 Bd5 16. Qd3 Bc4 17. Qc3 d5 18. b3 Bxf1 19. Qxc7 Ba6 20. e4 Qh4 21. g3 Qf6 22. e5 1-0

[Event "HUN-chT"]
[Site "Hungary"]
[Date "1992.??.??"]
[Round "?"]
[White "Bokor, Istvan"]
[Black "Schroter, Tamas"]
[Result "1-0"]
[WhiteElo "2260"]
[BlackElo "2300"]
[PlyCount "79"]
[EventDate "1992.??.??"]
[EventType "team-tourn"]
[EventRounds "14"]
[EventCountry "HUN"]
[SourceTitle "EXT 2000"]
[Source "ChessBase"]
[SourceDate "1999.11.16"]
[SourceVersion "1"]
[SourceVersionDate "1999.11.16"]
[SourceQuality "1"]

1. d4 Nf6 2. c4 c5 3. d5 e6 4. Nc3 exd5 5. cxd5 d6 6. e4 g6 7. f4 Bg7 8. Bb5+ Nfd7 9. Bd3 Qh4+ 10. g3 Qe7 11. Nf3 0-0 12. 0-0 Na6 13. Re1 Nb6 14. Bf1 Bg4 15. h3 Bxf3 16. Qxf3 Nb4 17. Qd1 Rfe8 18. Be3 Rac8 19. Rc1 f5 20. a3 Na6 21. exf5 gxf5 22. Bb5 Nd7 23. Qh5 Bxc3 24. bxc3 Qg7 25. Bf2 Nf6 26. Qxf5 Rxe1+ 27. Rxe1 Rd8 28. a4 Nc7 29. Bd3 Rf8 30. Bc4 Kh8 31. Qd3 Nh5 32. Kh2 Ne8 33. Re6 Nef6 34. Qf3 Qf7 35. Rxd6 Nd7 36. Rxd7 Qxd7 37. Qxh5 Re8 38. Bxc5 Qxa4 39. Bd4+ Kg8 40. Qg5+ 1-0

[Event "HUN-chT"]
[Site "Hungary"]
[Date "1992.??.??"]
[Round "?"]
[White "Bordos, Janos"]
[Black "Schroter, Tamas"]
[Result "1/2-1/2"]
[WhiteElo "2235"]
[BlackElo "2300"]
[PlyCount "188"]
[EventDate "1992.??.??"]
[EventType "team-tourn"]
[EventRounds "14"]
[EventCountry "HUN"]
[SourceTitle "EXT 2000"]
[Source "ChessBase"]
[SourceDate "1999.11.16"]
[SourceVersion "1"]
[SourceVersionDate "1999.11.16"]
[SourceQuality "1"]

1. e4 d5 2. exd5 Nf6 3. d4 Nxd5 4. c4 Nb6 5. Nc3 e5 6. dxe5 Qxd1+ 7. Nxd1 Nc6 8. f4 Be6 9. Ne3 Bc5 10. b3 0-0-0 11. a3 a5 12. Nf3 Nd4 13. Nxd4 Bxd4 14. Ra2 a4 15. b4 Bxe3 16. Bxe3 Bxc4 17. Rc2 Bb3 18. Rc1 Nd5 19. Kf2 Rhe8 20. Bc4 Bxc4 21. Rxc4 f6 22. b5 fxe5 23. Rxa4 exf4 24. Bd4 g5 25. Rd1 Rd6 26. Bc5 Nc3 27. Ra8+ Kd7 28. Rxd6+ cxd6 29. Rxe8 Kxe8 30. Bb4 Nxb5 31. h4 h6 32. hxg5 hxg5 33. Kf3 Ke7 34. Kg4 Kf6 35. a4 Nc7 36. Bxd6 Nd5 37. g3 fxg3 38. Bxg3 Kg6 39. Be1 Ne3+ 40. Kf3 Nc2 41. Bc3 Kf5 42. Kg3 Na3 43. Bb4 Nc4 44. Bc5 Nd2 45. Bb6 Ne4+ 46. Kf3 g4+ 47. Kg2 Nc3 48. a5 Nd5 49. Bc5 Kf4 50. Bd6+ Kg5 51. Bc5 Nf4+ 52. Kg3 Nd3 53. Be3+ Kf5 54. Bb6 Ne5 55. Bc7 Nc4 56. Bd8 Nd2 57. Bc7 Ne4+ 58. Kg2 Nf6 59. Kg3 Nh5+ 60. Kg2 Ke4 61. Bd8 Kd4 62. Bb6+ Kc4 63. Bc7 Kb4 64. Bd8 Kb5 65. Bc7 Kc6 66. Bd8 Kd7 67. Bb6 Kd6 68. Bd8 Kc6 69. Bb6 Kd5 70. Bd8 Ke4 71. Bc7 Kf5 72. Bd8 Ng7 73. Bc7 Ne6 74. Bd6 Kg5 75. Be7+ Kh5 76. Kg3 Nd4 77. Bf6 Nf5+ 78. Kg2 Kg6 79. Bd8 Kf7 80. Bb6 Ke6 81. Bc7 Kd5 82. Bd8 Kc6 83. Bb6 Kb5 84. Bc7 Kb4 85. Bb6 Kc4 86. Bc7 Kb5 87. Bb6 Nd6 88. Kg3 Nc4 89. Bd8 Nxa5 90. Kxg4 Nc6 91. Bf6 Kc4 92. Kf4 Kd3 93. Bg7 b5 94. Bf8 Kc4 1/2-1/2